000 00989cam a2200277 a 4500
001 742353
003 OSt
005 20220308111948.0
008 990706s2000 maua b 001 0 eng
010 _a 99037328
020 _a0256228965 (alk. paper)
040 _aDLC
_cHU
042 _apcc
050 0 0 _aHD58.7
_b.M42 2000
082 0 0 _a658 MCS 2000
_221
100 1 _aMcShane, Steven Lattimore.
_97940
245 1 0 _aOrganizational behavior /
_cSteven L. McShane, Mary Ann Von Glinow.
260 _aBoston :
_bIrwin/McGraw-Hill,
_cc2000.
300 _axxv, 709 p. :
_bill. (chiefly col.) ;
_c28 cm.
504 _aIncludes bibliographical references (p. 621-682) and indexes.
650 0 _aOrganizational behavior.
_97941
700 1 _aVon Glinow, Mary Ann Young,
_d1949-
_97942
906 _a7
_bcbc
_corignew
_d1
_eocip
_f19
_gy-gencatlg
942 _2ddc
_cBOOKS
_n0
999 _c32289
_d32289